Normal view
MARC view
- Waseem,Mohammad & Mufti,Mariam
Entry Personal Name
001 - CONTROL NUMBER
- control field: 3438
003 - CONTROL NUMBER IDENTIFIER
- control field: NUST
005 - DATE AND TIME OF LATEST TRANSACTION
- control field: 20170719124816.0
008 - FIXED-LENGTH DATA ELEMENTS
- fixed length control field: 170719|| aca||aabn | a|a d
040 ## - CATALOGING SOURCE
- Original cataloging agency: NUST
- Transcribing agency: NUST
100 ## - HEADING--PERSONAL NAME
- Personal name: Waseem,Mohammad & Mufti,Mariam
670 ## - SOURCE DATA FOUND
- Source citation: Work cat.: (NUST): Waseem,Mohammad & Mufti,Mariam, Political parties in Pakistan, 2012.
